ბათუმის შოთა რუსთაველის სახელმწიფო უნივერსიტეტის ბიბლიოთეკა

Azerbaycan'dan Masallar : (ბიბ.ჩანაწერი № 61364)

000 -LEADER
fixed length control field 00669nam a22001937a 4500
005 - DATE AND TIME OF LATEST TRANSACTION
control field 20240223174549.0
008 - FIXED-LENGTH DATA ELEMENTS--GENERAL INFORMATION
fixed length control field 240223s2019 tu ||||| |||| 00| 0 tur d
020 ## - INTERNATIONAL STANDARD BOOK NUMBER
International Standard Book Number 9789751141781x
041 ## - LANGUAGE CODE
Language code of text/sound track or separate title tur
080 ## - UNIVERSAL DECIMAL CLASSIFICATION NUMBER
Universal Decimal Classification number 821.512.162 Y-95
100 ## - MAIN ENTRY--PERSONAL NAME
Personal name Yurdakul, Ramazan Seyfi
9 (RLIN) 21282
245 ## - TITLE STATEMENT
Title Azerbaycan'dan Masallar :
Remainder of title Azerbaycan Folklorundan Masal Örnekleri /
Statement of responsibility, etc. Ramazan Seyfi Yurdakul.
264 ## - PRODUCTION, PUBLICATION, DISTRIBUTION, MANUFACTURE, AND COPYRIGHT NOTICE
Place of production, publication, distribution, manufacture Ankara,
Date of production, publication, distribution, manufacture, or copyright notice 2019.
300 ## - PHYSICAL DESCRIPTION
Extent 292 p. ;
Other physical details 24 cm.
521 ## - TARGET AUDIENCE NOTE
Target audience note ნაჩუქარი
653 ## - INDEX TERM--UNCONTROLLED
keyword აზერბაიჯანული ზღაპარი
653 ## - INDEX TERM--UNCONTROLLED
keyword აზერბაიჯანული ფოლკლორი
942 ## - ADDED ENTRY ELEMENTS (KOHA)
Source of classification or shelving scheme
Koha item type წიგნი
ეგზემპლარები
Withdrawn status Lost status Source of classification or shelving scheme Damaged status Not for loan Permanent Location Current Location Shelving location Date acquired Cost, normal purchase price Full call number Barcode Date last seen Copy number Uniform Resource Identifier Price effective from Koha item type Public note
          ბათუმის შოთა რუსთაველის სახელმწიფო უნივერსიტეტის მთავარი ბიბლიოთეკა ბათუმის შოთა რუსთაველის სახელმწიფო უნივერსიტეტის მთავარი ბიბლიოთეკა წიგნსაცავი 2024-02-23 8.00 821.512.162 Y-95 67601 2024-02-23 67601 ნაჩუქარი 2024-02-23 წიგნი 8 ლ.